| 000 | 01931cam a22003978a 4500 | ||
|---|---|---|---|
| 001 | 14991977 | ||
| 003 | OSt | ||
| 005 | 20160509114847.0 | ||
| 008 | 070831s2007 dcu b 001 0 eng | ||
| 010 | _a 2007036254 | ||
| 020 | _a9781555814885 | ||
| 020 | _a1555814883 | ||
| 035 | _a(DNLM)101315566 | ||
| 040 |
_aDNLM/DLC _cDLC _dDLC |
||
| 042 | _apcc | ||
| 050 | 0 | 0 |
_aQR67 _b.C55 2007 |
| 060 | 1 | 0 |
_aWQ 25 _bC6415 2007 |
| 082 | 0 | 0 |
_a616.9/041 _222 |
| 245 | 0 | 0 | _aClinical microbiology procedures handbook. |
| 250 |
_a2nd ed. update (2007) / _beditor in chief, Lynne S. Garcia. |
||
| 260 |
_aWashington, DC : _bASM Press, _cc2007. |
||
| 263 | _a1111 | ||
| 300 |
_ap. ; _ccm. |
||
| 500 | _a"Editor in chief, original and second editions Henry D. Isenberg." | ||
| 504 | _aIncludes bibliographical references and index. | ||
| 505 | 0 | _aProcedure coding, reimbursement, and billing compliance -- Specimen collection, transport, and acceptability -- Aerobic bacteriology -- Anaerobic bacteriology -- Antimicrobial susceptibility testing -- Aerobic actinomycetes -- Mycobacteriology and antimycobacterial susceptibility testing -- Mycology and antifungal susceptibility testing -- Parasitology -- Viruses and chlamydiae -- Immunology -- Molecular diagnostics -- Epidemiologic and infection control microbiology -- Quality assurance, quality control, laboratory records, and -- Water quality -- Biohazards and safety -- Bioterrorism. | |
| 590 | _a"LC copy not updated." | ||
| 650 | 0 |
_aDiagnostic microbiology _vLaboratory manuals. |
|
| 650 | 1 | 2 |
_aMicrobiological Techniques _xmethods _vLaboratory Manuals. |
| 700 | 1 | _aGarcia, Lynne Shore. | |
| 700 | 1 | _aIsenberg, Henry D. | |
| 856 | 4 | 1 |
_3Table of contents only _uhttp://www.loc.gov/catdir/toc/ecip0726/2007036254.html |
| 906 |
_a0 _brix _corignew _d1 _eecip _f20 _gy-gencatlg |
||
| 942 |
_2lcc _cGEN |
||
| 999 |
_c13470 _d13470 |
||